<?xml version="1.0" encoding="UTF-8"?>
<record
    xmlns:xsi="http://www.w3.org/2001/XMLSchema-instance"
    xsi:schemaLocation="http://www.loc.gov/MARC21/slim http://www.loc.gov/standards/marcxml/schema/MARC21slim.xsd"
    xmlns="http://www.loc.gov/MARC21/slim">

  <leader>01566    a2200181   4500</leader>
  <controlfield tag="003">Nust</controlfield>
  <controlfield tag="005">20221027181613.0</controlfield>
  <datafield tag="020" ind1=" " ind2=" ">
    <subfield code="a">8120310055</subfield>
  </datafield>
  <datafield tag="040" ind1=" " ind2=" ">
    <subfield code="c">Nust</subfield>
  </datafield>
  <datafield tag="082" ind1=" " ind2=" ">
    <subfield code="a">621.31</subfield>
  </datafield>
  <datafield tag="100" ind1=" " ind2=" ">
    <subfield code="a">Indulkar, C. S.</subfield>
    <subfield code="9">101578</subfield>
  </datafield>
  <datafield tag="245" ind1=" " ind2=" ">
    <subfield code="a">Power system transients</subfield>
    <subfield code="b">a statistical approach /</subfield>
    <subfield code="c">C. S. Indulkar &amp; D. P. Kothari</subfield>
  </datafield>
  <datafield tag="260" ind1=" " ind2=" ">
    <subfield code="a">Prentice Hall</subfield>
    <subfield code="b">New Delhi</subfield>
    <subfield code="c">2003</subfield>
  </datafield>
  <datafield tag="300" ind1=" " ind2=" ">
    <subfield code="a">176 p.</subfield>
  </datafield>
  <datafield tag="505" ind1=" " ind2=" ">
    <subfield code="a">Probability Distribution of Switching Surge Overvoltages (Page-5-17), Application of Insulators to Withstand Switching Surges (Page-18-26), Probability of Failure of an EHV Transmission Line (Page-27-39), Accuracy of Statistical Methods in Insulation Evaluation (Page-40-45), Statistical Estimation of Phase to Phase Risk of Failure (Page-46-57), Suitability of Gaussian Stress Distribution for Statistical Line Insulation Design (Page- 58-62), Statistical Distribution of Impulse Breakdown in Oil &#x2013;Filled Cable (Page-63-70), Method of Grading EHV Cables Based on Statistical Breakdown Stress (Page-71-81), Probability of Failure of Motor Windings (Page-82-102), Frequency of Occurrence of Lightning Flashes and Shielding of Transmission Lines (Page- 103-116), Characteristics of External Insulation (Page-117-124), A Case Study of Statistical Switching Over-Voltages in a Phase-Shifting Transformer (Page-137-146), Statistical Evaluation of Peak Switching Over Voltages in EHV Overhead Lines (Page-147-154), Statistical Evaluation of Peak Switching Over Voltage in EHV Underground Cables (Page-155-162).</subfield>
  </datafield>
  <datafield tag="650" ind1=" " ind2=" ">
    <subfield code="a">Power system</subfield>
    <subfield code="9">101579</subfield>
  </datafield>
  <datafield tag="942" ind1=" " ind2=" ">
    <subfield code="2">ddc</subfield>
    <subfield code="c">BK</subfield>
  </datafield>
  <datafield tag="999" ind1=" " ind2=" ">
    <subfield code="c">180512</subfield>
    <subfield code="d">180512</subfield>
  </datafield>
  <datafield tag="952" ind1=" " ind2=" ">
    <subfield code="0">0</subfield>
    <subfield code="1">0</subfield>
    <subfield code="2">ddc</subfield>
    <subfield code="4">0</subfield>
    <subfield code="7">0</subfield>
    <subfield code="a">MCS</subfield>
    <subfield code="b">MCS</subfield>
    <subfield code="c">GEN</subfield>
    <subfield code="d">2016-12-12</subfield>
    <subfield code="o">621.31,IND</subfield>
    <subfield code="p">MCS30916</subfield>
    <subfield code="r">2016-12-08</subfield>
    <subfield code="w">2016-12-12</subfield>
    <subfield code="y">BK</subfield>
    <subfield code="z">Almirah No.28, Shelf No.6</subfield>
  </datafield>
</record>
